[Event "Pescara op"]
[Site "Pescara"]
[Date "2004.11.14"]
[Round "6"]
[White "Tonelli, Claudio"]
[Black "Di Pierdomenico, Gianni"]
[Result "1-0"]
[WhiteElo "1696"]
[BlackElo "1736"]
[PlyCount "21"]
[EventDate "2004.11.11"]
[EventType "swiss"]
[EventRounds "6"]
[EventCountry "ITA"]
[SourceTitle "EXT 2005"]
[Source "ChessBase"]
[SourceDate "2004.11.15"]
[SourceVersion "1"]
[SourceVersionDate "2004.11.15"]
[SourceQuality "1"]

1. d4 Nf6 2. Nf3 g6 3. Bg5 Bg7 4. Nbd2 d6 5. h3 0-0 6. e3 b6 7. Bc4 c5 8. c3 Ba6 9. Bxf6 Bxf6 10. Bd5 Qc7 11. Bxa8 1-0

[Event "Pescara op"]
[Site "Pescara"]
[Date "2004.11.13"]
[Round "4"]
[White "Di Pierdomenico, Gianni"]
[Black "Logallo, Claudio"]
[Result "1/2-1/2"]
[WhiteElo "1736"]
[BlackElo "2022"]
[PlyCount "46"]
[EventDate "2004.11.11"]
[EventType "swiss"]
[EventRounds "6"]
[EventCountry "ITA"]
[SourceTitle "EXT 2005"]
[Source "ChessBase"]
[SourceDate "2004.11.15"]
[SourceVersion "1"]
[SourceVersionDate "2004.11.15"]
[SourceQuality "1"]

1. d4 Nf6 2. c4 g6 3. Nc3 Bg7 4. g3 d6 5. Bg2 0-0 6. Nf3 Nbd7 7. 0-0 e5 8. e4 exd4 9. Nxd4 Re8 10. h3 Nc5 11. Re1 a5 12. Bg5 c6 13. Qc2 h6 14. Be3 a4 15. Rad1 Nfd7 16. f4 Qa5 17. Kh2 Nf8 18. Nde2 a3 19. b3 f5 20. Bd4 fxe4 21. Bxg7 Kxg7 22. Nxe4 Bf5 23. Qc3+ Qxc3 1/2-1/2

[Event "Pescara op"]
[Site "Pescara"]
[Date "2004.11.12"]
[Round "3"]
[White "Luciani, Valerio"]
[Black "Di Pierdomenico, Gianni"]
[Result "1-0"]
[WhiteElo "2182"]
[BlackElo "1736"]
[PlyCount "97"]
[EventDate "2004.11.11"]
[EventType "swiss"]
[EventRounds "6"]
[EventCountry "ITA"]
[SourceTitle "EXT 2005"]
[Source "ChessBase"]
[SourceDate "2004.11.15"]
[SourceVersion "1"]
[SourceVersionDate "2004.11.15"]
[SourceQuality "1"]

1. d4 Nf6 2. c4 g6 3. Nc3 Bg7 4. e4 d6 5. f3 0-0 6. Be3 Nc6 7. Rb1 e5 8. d5 Ne7 9. Bd3 Nh5 10. Nge2 f5 11. 0-0 f4 12. Bf2 g5 13. c5 Kh8 14. cxd6 cxd6 15. h3 Ng6 16. Qb3 Nf6 17. Rfc1 Rf7 18. Nb5 a6 19. Na7 Ne8 20. Bb6 Qd7 21. Rc3 Ne7 22. Rbc1 Rxa7 23. Bxa7 b5 24. Bb6 h5 25. Qc2 Bb7 26. Qd1 Bc8 27. b4 g4 28. hxg4 hxg4 29. Kf2 Bf6 30. Ke1 Rh7 31. Kd2 gxf3 32. gxf3 Qh3 33. Qf1 Qd7 34. Qg2 Rg7 35. Qf2 Rh7 36. Qg2 Qb7 37. Ba5 Bh3 38. Qg1 Bh4 39. Qb6 Qa8 40. a4 bxa4 41. Qxa6 Qxa6 42. Bxa6 Bf2 43. b5 Be3+ 44. Rxe3 fxe3+ 45. Kxe3 Nxd5+ 46. exd5 Nf6 47. Nc3 Ra7 48. Bd8 Nd7 49. Nxa4 1-0

[Event "Pescara op"]
[Site "Pescara"]
[Date "2004.11.11"]
[Round "1"]
[White "Chilingirova, Pavlina"]
[Black "Di Pierdomenico, Gianni"]
[Result "1-0"]
[WhiteElo "2178"]
[BlackElo "1736"]
[PlyCount "69"]
[EventDate "2004.11.11"]
[EventType "swiss"]
[EventRounds "6"]
[EventCountry "ITA"]
[SourceTitle "EXT 2005"]
[Source "ChessBase"]
[SourceDate "2004.11.15"]
[SourceVersion "1"]
[SourceVersionDate "2004.11.15"]
[SourceQuality "1"]

1. c4 Nf6 2. Nc3 g6 3. g3 Bg7 4. Bg2 0-0 5. d4 d6 6. e4 e5 7. Nge2 Nbd7 8. 0-0 exd4 9. Nxd4 Nc5 10. f3 a5 11. Be3 c6 12. Qd2 Nfd7 13. h3 a4 14. Rfe1 Ne5 15. b3 axb3 16. axb3 Rxa1 17. Rxa1 Qc7 18. f4 Ned7 19. b4 Na6 20. Rb1 Re8 21. Ndb5 Qb8 22. Na3 Rd8 23. Nc2 Qc7 24. Rd1 Bf6 25. Bd4 Be7 26. Qf2 Re8 27. Na4 Nxb4 28. Nxb4 Qa5 29. Qb2 c5 30. Bg7 f6 31. Nd5 Kxg7 32. Nac3 Qd8 33. Nb5 Nb6 34. Nxe7 Qxe7 35. Nxd6 1-0